Catalog

Record Details

Catalog Search



The show must go on! #1 / Kate Klise ; illustrated ... Read More

Klise, Kate.(Author).
Klise, M. Sarah,(illustrator.).

Available copies

  • 0 of 1 copy available at LARL/NWRL Consortium.
  • 0 of 1 copy available at Lake Agassiz Regional Library. (Show preferred library)

Current holds

0 current holds with 1 total copy.

Show Only Available Copies
Location Call Number / Copy Notes Barcode Shelving Location Status Due Date
Moorhead Public Library J KLI (Text) 33500011625613 Main Checked out 07/15/2026

Record details

  • ISBN: 9781616202446 (hbk.)
  • ISBN: 1616202440 (hbk.)
  • Physical Description: 137 pages : illustrations ; 22 cm.
  • Edition: First edition.
  • Publisher: Chapel Hill, NC : Algonquin Young Readers, 2013.

Content descriptions

Summary, etc.:
Two mice and a crow, who travel with a circus, ... Read More
Subject: Circus > Juvenule fiction.
Circus > Fiction.
LDR 01538cam a2200385 i 4500
001156764
003LARL_NWRL_CONSORTIUM
00520130920091329.0
008130326s2013 ncua b 000 1 eng
010 . ‡a2013008940
020 . ‡a9781616202446 (hbk.)
020 . ‡a1616202440 (hbk.)
035 . ‡a(OCoLC)828042124
040 . ‡aDLC ‡erda ‡beng ‡cDLC ‡dIG# ‡dBTCTA ‡dBDX ‡dJJG ‡dOCLCO
05000. ‡aPZ7.K684 ‡bSj 2013
08200. ‡a[Fic] ‡223
1001 . ‡aKlise, Kate. ‡0(LARL_NWRL_CONSORTIUM)141304
24514. ‡aThe show must go on! ‡n#1 / ‡cKate Klise ; illustrated by M. Sarah Klise.
250 . ‡aFirst edition.
260 . ‡aChapel Hill, NC : ‡bAlgonquin Young Readers, ‡c2013.
300 . ‡a137 pages : ‡billustrations ; ‡c22 cm.
336 . ‡atext ‡2rdacontent
337 . ‡aunmediated ‡2rdamedia
338 . ‡avolume ‡2rdacarrier
4900 . ‡aThree-ring rascals ; ‡v1
520 . ‡aTwo mice and a crow, who travel with a circus, cleaning up the spilled popcorn after every performance, come to the rescue when a greedy con artist takes over the management of the circus.
650 0. ‡aCircus ‡vJuvenule fiction.
650 1. ‡aCircus ‡vFiction. ‡0(LARL_NWRL_CONSORTIUM)164342
7001 . ‡aKlise, M. Sarah, ‡eillustrator. ‡0(LARL_NWRL_CONSORTIUM)124061
948 . ‡hNO HOLDINGS IN LAL - 61 OTHER HOLDINGS
994 . ‡aZ0 ‡bLAL
901 . ‡a156764 ‡bOCLC ‡c156764 ‡tbiblio

Additional Resources